<?xml version="1.0" encoding="UTF-8"?>
<record
    xmlns:xsi="http://www.w3.org/2001/XMLSchema-instance"
    xsi:schemaLocation="http://www.loc.gov/MARC21/slim http://www.loc.gov/standards/marcxml/schema/MARC21slim.xsd"
    xmlns="http://www.loc.gov/MARC21/slim">

  <leader>00941nam a22002297a 4500</leader>
  <controlfield tag="005">20220509114309.0</controlfield>
  <controlfield tag="008">220506b           ||||| |||| 00| 0 eng d</controlfield>
  <datafield tag="040" ind1=" " ind2=" ">
    <subfield code="c">Aloy</subfield>
  </datafield>
  <datafield tag="041" ind1=" " ind2=" ">
    <subfield code="a">kan</subfield>
  </datafield>
  <datafield tag="082" ind1=" " ind2=" ">
    <subfield code="2">23</subfield>
    <subfield code="a">523.1K</subfield>
    <subfield code="b">KATV</subfield>
  </datafield>
  <datafield tag="100" ind1=" " ind2=" ">
    <subfield code="a">Mahabaleswara Katrahalli: &#xCAE;&#xCB9;&#xCBE;&#xCAC;&#xCB2;&#xCC7;&#xCB6;&#xCCD;&#xCB5;&#xCB0; &#xC95;&#xCBE;&#xC9F;&#xCCD;&#xCB0;&#xCB9;&#xCB3;&#xCCD;&#xCB3;&#xCBF;</subfield>
    <subfield code="9">34965</subfield>
  </datafield>
  <datafield tag="245" ind1=" " ind2=" ">
    <subfield code="a">Vichitra vishwa 4: &#xCB5;&#xCBF;&#xC9A;&#xCBF;&#xCA4;&#xCCD;&#xCB0; &#xCB5;&#xCBF;&#xCB6;&#xCCD;&#xCB5; &#xCEA;</subfield>
  </datafield>
  <datafield tag="260" ind1=" " ind2=" ">
    <subfield code="a">Ballari</subfield>
    <subfield code="b">Apoorva Prakashana</subfield>
    <subfield code="c">2003</subfield>
  </datafield>
  <datafield tag="300" ind1=" " ind2=" ">
    <subfield code="a">103p.</subfield>
    <subfield code="b">PB</subfield>
    <subfield code="c">21x14cm.</subfield>
  </datafield>
  <datafield tag="365" ind1=" " ind2=" ">
    <subfield code="2">General</subfield>
    <subfield code="b">85.00</subfield>
    <subfield code="c">&#x20B9;</subfield>
    <subfield code="d">90.00</subfield>
  </datafield>
  <datafield tag="440" ind1=" " ind2=" ">
    <subfield code="v">Vol.4</subfield>
  </datafield>
  <datafield tag="650" ind1=" " ind2=" ">
    <subfield code="a">General Things: &#xCB8;&#xCBE;&#xCAE;&#xCBE;&#xCA8;&#xCCD;&#xCAF; &#xCB8;&#xC82;&#xC97;&#xCA4;&#xCBF;&#xC97;&#xCB3;&#xCC1; </subfield>
    <subfield code="9">34382</subfield>
  </datafield>
  <datafield tag="650" ind1=" " ind2=" ">
    <subfield code="a">Domestic Animals: &#xCB8;&#xCBE;&#xCA7;&#xCC1; &#xCAA;&#xCCD;&#xCB0;&#xCBE;&#xCA3;&#xCBF;&#xC97;&#xCB3;&#xCC1; </subfield>
    <subfield code="9">34383</subfield>
  </datafield>
  <datafield tag="650" ind1=" " ind2=" ">
    <subfield code="a">Balasu Vastugalu: &#xCAC;&#xCB3;&#xCB8;&#xCC1; &#xCB5;&#xCB8;&#xCCD;&#xCA4;&#xCC1;&#xC97;&#xCB3;&#xCC1; </subfield>
    <subfield code="9">34463</subfield>
  </datafield>
  <datafield tag="700" ind1=" " ind2=" ">
    <subfield code="a">KATRAHALLI (Mahabaleswara): &#xC95;&#xCBE;&#xC9F;&#xCCD;&#xCB0;&#xCB9;&#xCB3;&#xCCD;&#xCB3;&#xCBF; (&#xCAE;&#xCB9;&#xCBE;&#xCAC;&#xCB2;&#xCC7;&#xCB6;&#xCCD;&#xCB5;&#xCB0;)</subfield>
    <subfield code="9">34384</subfield>
  </datafield>
  <datafield tag="942" ind1=" " ind2=" ">
    <subfield code="2">ddc</subfield>
    <subfield code="c">GF</subfield>
  </datafield>
  <datafield tag="999" ind1=" " ind2=" ">
    <subfield code="c">222809</subfield>
    <subfield code="d">222809</subfield>
  </datafield>
  <datafield tag="952" ind1=" " ind2=" ">
    <subfield code="0">0</subfield>
    <subfield code="1">0</subfield>
    <subfield code="2">ddc</subfield>
    <subfield code="4">0</subfield>
    <subfield code="7">0</subfield>
    <subfield code="8">PHY</subfield>
    <subfield code="a">AL</subfield>
    <subfield code="b">AL</subfield>
    <subfield code="d">2013-03-24</subfield>
    <subfield code="l">0</subfield>
    <subfield code="o">523.1K KATV</subfield>
    <subfield code="p">GF02891</subfield>
    <subfield code="r">2022-05-06 00:00:00</subfield>
    <subfield code="w">2022-05-06</subfield>
    <subfield code="y">GF</subfield>
  </datafield>
</record>
